AIIE transactions industrial engineering research and development

Na minha lista:
Detalhes bibliográficos
Formato: Periódico
Idioma:inglês
Publicado em: New York American Institute of Industrial Engineers
Assuntos:
Tags: Adicionar Tag
Sem tags, seja o primeiro a adicionar uma tag!

MARC

LEADER 00000nas1a22000001 4500
001 s120312
005 20041019155345.5
041 0 |a eng 
044 |a US 
245 1 0 |a AIIE transactions  |b industrial engineering research and development 
264 1 |a New York  |b American Institute of Industrial Engineers 
610 2 0 |a inžinierstvo priemyselné 
610 2 0 |a výskum 
610 2 0 |a vývoj